Normal view
MARC view
- اعداد العليمات، ماجد حامد محمد؛ اشراف احمد مصطفى القضاة
Entry Personal Name
001 - CONTROL NUMBER
- control field: 57849
003 - CONTROL NUMBER IDENTIFIER
- control field: JO-AjAnu
005 - DATE AND TIME OF LATEST TRANSACTION
- control field: 20230606083454.0
008 - FIXED-LENGTH DATA ELEMENTS
- fixed length control field: 230606|| aca||aabn | a|a d
040 ## - CATALOGING SOURCE
- Original cataloging agency: JO-AjAnu
- Transcribing agency: JO-AjAnu
100 ## - HEADING--PERSONAL NAME
- Personal name: اعداد العليمات، ماجد حامد محمد؛ اشراف احمد مصطفى القضاة
670 ## - SOURCE DATA FOUND
- Source citation: Work cat.: (JO-AjAnu)29516: اعداد العليمات، ماجد حامد محمد؛ اشراف احمد مصطفى القضاة, author, الواقعات للامام عمر بن عبدالعزيز بن مازه المعروف بالصدر الشهيد البخاري من بداية الكتاب الى كتاب الايمان والنذور "دراسة وتحقيق"=For imam omar Ben maza known "as Alshadr Alwaqeat" "Alshsheed AlBukhari from the beginning of the book until Aleman W alnothoor" Book "An investinning and a study"